[Event "Erice op 1st"]
[Site "Erice"]
[Date "2010.08.01"]
[Round "6"]
[White "Mancuso, Fabrizio"]
[Black "Milletari, Ruggero"]
[Result "0-1"]
[WhiteElo "1335"]
[BlackElo "1605"]
[PlyCount "94"]
[EventDate "2010.07.28"]
[EventType "swiss"]
[EventRounds "7"]
[EventCountry "ITA"]
[SourceTitle "EXT 2024"]
[Source "ChessBase"]
[SourceDate "2023.10.10"]
[SourceVersion "1"]
[SourceVersionDate "2023.10.10"]
[SourceQuality "1"]

1. e4 e6 2. d4 d5 3. exd5 exd5 4. Nf3 Nf6 5. Bg5 Bg4 6. Qe2+ Qe7 7. Nc3 Qxe2+ 8. Bxe2 Nbd7 9. 0-0 c6 10. Rfe1 0-0-0 11. h3 Bxf3 12. Bxf3 h6 13. Bh4 g5 14. Bg3 Bb4 15. a3 Ba5 16. b4 Bb6 17. Red1 Nh7 18. Bg4 Bc7 19. Bxc7 Kxc7 20. Na4 Nhf6 21. Bf5 b6 22. Re1 Rhe8 23. Nc3 Rxe1+ 24. Rxe1 Ne8 25. Re7 Nd6 26. Rxd7+ Rxd7 27. Bxd7 Kxd7 28. Kh2 Ne4 29. Nxe4 dxe4 30. Kg3 f5 31. f4 exf3 32. Kxf3 Kd6 33. c4 b5 34. c5+ Kd5 35. Ke3 f4+ 36. Kd3 a6 37. Kc3 Ke4 38. Kd2 Kxd4 39. Ke2 Ke4 40. Kf2 h5 41. Ke2 g4 42. Kf2 g3+ 43. Ke2 h4 44. Kf1 f3 45. gxf3+ Kxf3 46. a4 bxa4 47. b5 axb5 0-1